बीसवीं सदी का विश्व (1890 ई से 2000 तक) (Record no. 7153)

MARC details
000 -LEADER
fixed length control field 01047 a2200217 4500
005 - DATE AND TIME OF LATEST TRANSACTION
control field 20080915144131.0
008 - FIXED-LENGTH DATA ELEMENTS--GENERAL INFORMATION
fixed length control field 080915t xxu||||| |||| 00| 0 hin d
010 ## - LCCN (DPL NO)
LC control number HIN-80804
020 ## - INTERNATIONAL STANDARD BOOK NUMBER
International Standard Book Number 8189900110
Terms of availability 300.00
035 ## - SYSTEM CONTROL NUMBER
System control number HN-53150
037 ## - SOURCE OF ACQUISITION
Source of stock number/acquisition D.B.Act / pub
082 ## - DEWEY DECIMAL CLASSIFICATION NUMBER
Classification number 909.82
100 ## - MAIN ENTRY--PERSONAL NAME
Personal name जैन,संजीव
245 ## - TITLE STATEMENT
Title बीसवीं सदी का विश्व (1890 ई से 2000 तक)
Statement of responsibility, etc संजीव जैन
246 ## - VARYING FORM OF TITLE
Title proper/short title Bisvni sadi ka wishve(1980 to 2000)
Remainder of title by-Sanjeev jain
260 ## - PUBLICATION, DISTRIBUTION, ETC. (IMPRINT)
Place of publication, distribution, etc भोपाल
Name of publisher, distributor, etc कैलाश पुस्तक सदन
Date of publication, distribution, etc 2007
270 ## - ADDRESS
Address हमीदिया मार्ग
City भोपाल
Postal code 462001
Telephone number (075502535366,5256804
300 ## - PHYSICAL DESCRIPTION
Extent 472पृ
Dimensions 24 सेमी (अजिल्द)
942 ## - ADDED ENTRY ELEMENTS (KOHA)
Institution code [OBSOLETE] dpl
Item type Hindi Books
Call number prefix 909.82 / जैनसं
Source of classification or shelving scheme Dewey Decimal Classification
Classification part 909.82
Call number suffix जैनसं
Holdings
Withdrawn status Lost status Source of classification or shelving scheme Damaged status Not for loan Home library Current library Date acquired Cost, normal purchase price Total Checkouts Full call number Barcode Date last seen Copy number Cost, replacement price Koha item type
    Dewey Decimal Classification     D.B.Act.Division D.B.Act.Division 15/09/2008 300.00   909.82 जैनसं HN-53150 15/09/2008 1 300.00 Hindi Books

© Delhi Public Library
Hit Counter
free hit counter